[Event "Scarborough CC Howard Ridout U1800"]
[Site "Toronto"]
[Date "2011.10.27"]
[Round "6"]
[White "Feng, Richard"]
[Black "Teram, Eli"]
[Result "0-1"]
[WhiteElo "1040"]
[BlackElo "1220"]
[PlyCount "54"]
[EventDate "2011.09.08"]
[EventType "swiss"]
[EventRounds "6"]
[EventCountry "CAN"]
[SourceTitle "EXT 2022"]
[Source "ChessBase"]
[SourceDate "2021.10.06"]
[SourceVersion "1"]
[SourceVersionDate "2021.10.06"]
[SourceQuality "1"]

1. e4 e5 2. Nf3 Nc6 3. Bc4 h6 4. 0-0 Nf6 5. Nc3 Bb4 6. d3 0-0 7. Qe2 d6 8. h3 a6 9. Bd2 b5 10. Bb3 Bc5 11. Nd5 Be6 12. Rac1 a5 13. a3 b4 14. axb4 axb4 15. c3 Rb8 16. Nxf6+ Qxf6 17. Ba4 Na5 18. cxb4 Bxb4 19. Rxc7 Qd8 20. Rc2 d5 21. Nxe5 dxe4 22. dxe4 Bd6 23. Bxa5 Qxa5 24. Nd7 Bxd7 25. Bxd7 Qe5 26. Ra1 Qh2+ 27. Kf1 Qh1# 0-1

[Event "Scarborough CC Howard Ridout U1800"]
[Site "Toronto"]
[Date "2011.10.20"]
[Round "5"]
[White "Teram, Eli"]
[Black "Lu, Leo"]
[Result "1-0"]
[WhiteElo "1220"]
[BlackElo "989"]
[PlyCount "31"]
[EventDate "2011.09.08"]
[EventType "swiss"]
[EventRounds "6"]
[EventCountry "CAN"]
[SourceTitle "EXT 2022"]
[Source "ChessBase"]
[SourceDate "2021.10.06"]
[SourceVersion "1"]
[SourceVersionDate "2021.10.06"]
[SourceQuality "1"]

1. e4 e5 2. Nf3 Nc6 3. Bb5 Nf6 4. Nc3 Bd6 5. d3 0-0 6. Bg5 Re8 7. Nd5 Re6 8. Bxf6 Qf8 9. Bh4 a6 10. Bc4 b5 11. Bb3 Bb4+ 12. c3 Bc5 13. Nxc7 Rg6 14. Nxa8 Rxg2 15. Ng5 Bxf2+ 16. Bxf2 1-0

[Event "Canadian op U1600 48th"]
[Site "Toronto"]
[Date "2011.07.09"]
[Round "1"]
[White "Tismenko, Dennis"]
[Black "Teram, Eli"]
[Result "1-0"]
[WhiteElo "1496"]
[BlackElo "1213"]
[PlyCount "75"]
[EventDate "2011.07.09"]
[EventType "swiss"]
[EventRounds "9"]
[EventCountry "CAN"]
[SourceTitle "EXT 2022"]
[Source "ChessBase"]
[SourceDate "2021.10.06"]
[SourceVersion "1"]
[SourceVersionDate "2021.10.06"]
[SourceQuality "1"]

1. e4 e5 2. Nf3 Nc6 3. d4 Nf6 4. dxe5 Nxe4 5. Bc4 Bc5 6. 0-0 Ne7 7. Bg5 Nxg5 8. Nxg5 0-0 9. Qh5 h6 10. Nxf7 Rxf7 11. Qxf7+ Kh8 12. Nc3 c6 13. Ne2 b5 14. Bb3 a5 15. a3 Ba6 16. Nf4 Bd4 17. c3 Bxe5 18. Rfe1 d6 19. Ne6 Qe8 20. Qxe8+ Rxe8 21. Nc7 Rf8 22. Nxa6 Ra8 23. Nc7 Ra7 24. Ne6 c5 25. Nxc5 Ng6 26. Nd3 Bf6 27. Re8+ Kh7 28. Bg8+ Kh8 29. Bf7+ Kh7 30. Bxg6+ Kxg6 31. Rae1 Bh4 32. Nf4+ Kh7 33. Nd5 Rf7 34. g3 Bg5 35. f4 Bf6 36. Nxf6+ Rxf6 37. R1e6 Rf5 38. Rxd6 1-0

[Event "Scarborough CC Falling Leaves U1700"]
[Site "Toronto"]
[Date "2010.12.02"]
[Round "6"]
[White "Teram, Eli"]
[Black "Lin, Benjamin1111"]
[Result "1-0"]
[WhiteElo "1311"]
[BlackElo "1085"]
[PlyCount "75"]
[EventDate "2010.10.28"]
[EventType "swiss"]
[EventRounds "7"]
[EventCountry "CAN"]
[SourceTitle "EXT 2022"]
[Source "ChessBase"]
[SourceDate "2021.10.06"]
[SourceVersion "1"]
[SourceVersionDate "2021.10.06"]
[SourceQuality "1"]

1. e4 e5 2. Nf3 Nc6 3. Bc4 Bc5 4. Nc3 Nf6 5. d3 h6 6. 0-0 0-0 7. a3 d6 8. h3 a6 9. b4 Ba7 10. b5 Nd4 11. a4 a5 12. Nd5 Nxd5 13. Bxd5 Qf6 14. Nh2 Qg6 15. Kh1 Rb8 16. c3 Ne6 17. Nf3 Bd7 18. Rb1 Nf4 19. Nh4 Qg5 20. Bxf4 Qxf4 21. Ng6 Qf6 22. Nxf8 Kxf8 23. Qh5 Kg8 24. Rfd1 c6 25. bxc6 bxc6 26. Bc4 Be6 27. Bxe6 Qxe6 28. d4 c5 29. Rd3 Qc4 30. Rbd1 exd4 31. cxd4 Rb1 32. Rxb1 Qxd3 33. Rb7 Qxd4 34. Qxf7+ Kh7 35. Rxa7 Qd1+ 36. Kh2 Qd4 37. Qf5+ Kg8 38. Ra8# 1-0

[Event "Scarborough CC Falling Leaves U1700"]
[Site "Toronto"]
[Date "2010.11.25"]
[Round "5"]
[White "Liang, Phillip"]
[Black "Teram, Eli"]
[Result "1-0"]
[WhiteElo "1103"]
[BlackElo "1311"]
[PlyCount "57"]
[EventDate "2010.10.28"]
[EventType "swiss"]
[EventRounds "7"]
[EventCountry "CAN"]
[SourceTitle "EXT 2022"]
[Source "ChessBase"]
[SourceDate "2021.10.06"]
[SourceVersion "1"]
[SourceVersionDate "2021.10.06"]
[SourceQuality "1"]

1. e4 e5 2. Nf3 Nc6 3. Bc4 Nf6 4. Ng5 d5 5. exd5 Nxd5 6. Nxf7 Kxf7 7. Qf3+ Ke6 8. Nc3 Ncb4 9. a3 Nxc2+ 10. Kd1 c6 11. Kxc2 Bc5 12. d3 Rf8 13. Qh3+ Kd6 14. Ne4+ Kc7 15. Qxh7 b6 16. Qxg7+ Qe7 17. Qg3 Bd4 18. Bg5 Qf7 19. f3 Be6 20. h4 Rg8 21. Qh2 b5 22. Bxd5 Bxd5 23. Raf1 Bb3+ 24. Kc1 Rxg5 25. hxg5 Be3+ 26. Kb1 Ba2+ 27. Ka1 Bd4 28. Qh7 Qxh7 29. Rxh7+ 1-0

[Event "Scarborough CC Falling Leaves U1700"]
[Site "Toronto"]
[Date "2010.11.18"]
[Round "4"]
[White "Teram, Eli"]
[Black "Zhang, John"]
[Result "0-1"]
[WhiteElo "1311"]
[BlackElo "1557"]
[PlyCount "62"]
[EventDate "2010.10.28"]
[EventType "swiss"]
[EventRounds "7"]
[EventCountry "CAN"]
[SourceTitle "EXT 2022"]
[Source "ChessBase"]
[SourceDate "2021.10.06"]
[SourceVersion "1"]
[SourceVersionDate "2021.10.06"]
[SourceQuality "1"]

1. e4 e5 2. Nf3 Nc6 3. Bc4 Nf6 4. Nc3 Be7 5. d3 0-0 6. 0-0 Na5 7. Nxe5 d6 8. Nxf7 Rxf7 9. Bxf7+ Kxf7 10. b4 Nc6 11. b5 Ne5 12. h3 c5 13. bxc6 Nxc6 14. Bb2 Ne5 15. Nb5 Qb6 16. Bxe5 dxe5 17. Nc3 Be6 18. Rb1 Qa5 19. Ne2 Qc7 20. c4 Rd8 21. Qb3 b5 22. Qxb5 Rxd3 23. c5 Rd2 24. Nc3 Qxc5 25. Qxc5 Bxc5 26. a4 Bc4 27. Rfc1 Rxf2 28. Kh2 Rd2 29. Rb7+ Rd7 30. Rb8 Bd6 31. Rc8 Bd3 0-1

[Event "Scarborough CC-ch Reserves op"]
[Site "Toronto"]
[Date "2010.02.25"]
[Round "1"]
[White "Teram, Eli"]
[Black "Lin, Tony"]
[Result "0-1"]
[WhiteElo "1408"]
[BlackElo "1734"]
[PlyCount "74"]
[EventDate "2010.02.25"]
[EventType "swiss"]
[EventRounds "9"]
[EventCountry "CAN"]
[SourceTitle "EXT 2022"]
[Source "ChessBase"]
[SourceDate "2021.10.06"]
[SourceVersion "1"]
[SourceVersionDate "2021.10.06"]
[SourceQuality "1"]

1. e4 c5 2. Nf3 d6 3. Nc3 Nf6 4. Bc4 Nc6 5. Ng5 e6 6. d3 h6 7. Nf3 Be7 8. 0-0 0-0 9. Re1 a6 10. e5 dxe5 11. Nxe5 Nxe5 12. Rxe5 Bd6 13. Re3 b5 14. Bb3 Qc7 15. g3 Bb7 16. a3 Qc6 17. Ne4 Nxe4 18. dxe4 c4 19. Ba2 Bc5 20. Re1 f5 21. b4 Rad8 22. Qh5 Bd4 23. Rb1 fxe4 24. Be3 Bxe3 25. Rxe3 Rd2 26. Rf1 Rf3 27. Bb1 Qd5 28. Qe8+ Rf8 29. Qg6 Qf5 30. Qxf5 exf5 31. c3 Rfd8 32. Kg2 g5 33. Kh3 Kf7 34. f3 f4 35. fxe4 Bc8+ 36. g4 Kg7 37. Ree1 h5 0-1

[Event "Scarborough CC-ch reserves U1700"]
[Site "Toronto"]
[Date "2009.04.23"]
[Round "9"]
[White "Teram, Eli"]
[Black "Pishdad, Hassan"]
[Result "0-1"]
[WhiteElo "1494"]
[BlackElo "1344"]
[PlyCount "91"]
[EventDate "2009.02.26"]
[EventType "swiss"]
[EventRounds "9"]
[EventCountry "CAN"]
[SourceTitle "EXT 2011"]
[Source "ChessBase"]
[SourceDate "2010.11.26"]
[SourceVersion "1"]
[SourceVersionDate "2010.11.26"]
[SourceQuality "1"]

1. e4 c5 2. Nf3 e6 3. Bb5 a6 4. Ba4 b5 5. Bb3 c4 6. Bxc4 bxc4 7. Ne5 Bb7 8. Nc3 d6 9. Nxc4 d5 10. exd5 Bxd5 11. Nxd5 Qxd5 12. Ne3 Qb7 13. 0-0 Bc5 14. d4 Be7 15. Qg4 Bf6 16. Re1 Ne7 17. Nc4 0-0 18. Bh6 Nf5 19. Bd2 Bxd4 20. c3 Bf6 21. Rad1 Nd7 22. Re4 Nc5 23. Rf4 Nd3 24. Rf3 Rad8 25. Rh3 Qa7 26. Rf1 g6 27. Ne3 Nxb2 28. Nxf5 exf5 29. Qf4 h5 30. Qh6 Bg7 31. Qg5 Qd7 32. Be3 Bxc3 33. Rxh5 Bg7 34. Rh3 Nd1 35. Qh4 f6 36. Qh7+ Kf7 37. Bc5 Rh8 38. Re1 Rxh7 39. Rxh7 Kg8 40. Rh4 Qd2 41. Rf1 Rc8 42. Bb4 Rc1 43. Bxd2 Ra1 44. Rd4 g5 45. Rd8+ Kf7 46. Re1 0-1